000 00286 a2200133 4500
001 154477
040 _cEscola São Tomás de Aquino
100 _aPIERCE, Lincoln
240 1 0 _aNate
_lpor
245 1 0 _aNate
362 0 _a2012
697 _a*LITERATURA INFANTO JUVENIL
942 _cBK
999 _c154477
_d154477